| 000 | 00762nam a2200301Ia 4500 | ||
|---|---|---|---|
| 003 | SMC | ||
| 005 | 20170208133758.0 | ||
| 008 | 160303s9999 xx 000 0 und d | ||
| 020 | _a971-08-6534-X | ||
| 050 | _aFIL KPM 1744.5 | ||
| 050 | _b.N65 2004 | ||
| 100 | _aNolledo, Jose N. | ||
| 245 | 4 | _aThe Constitution of the Republic of the Philippines : | |
| 245 | _bexplained / | ||
| 245 | _cJose N. Nolledo. | ||
| 250 | _aRevised Edition | ||
| 260 | _aMandaluyong: | ||
| 260 | _bNational Book Store, | ||
| 260 | _c2004 | ||
| 300 | _a239 pages : | ||
| 300 | _billustrations ; | ||
| 300 | _c25 cm. | ||
| 650 | _aConstitutional law -- | ||
| 650 | _aConstitutions -- | ||
| 650 | _xPhilippines. | ||
| 650 | _xPhilippines. | ||
| 942 |
_2lcc _cBK |
||
| 999 |
_c291426 _d291426 |
||